[Event "IX Memorial Marka Piasty"]
[Site "Salezjanski Osrodek Szkolno-Wychowawczy Tarnowskie Gory, ul. Sniadeckiego 1"]
[Date "2011.08.05"]
[Round "9.1"]
[White "Szusterowski, Radoslaw"]
[Black "Nigiel, Piotr"]
[Result "1-0"]
[WhiteTitle "I++"]
[BlackTitle "I"]
[WhiteElo "2122"]
[BlackElo "1974"]

1.d4 Nf6 2.Nf3 g6 3.c4 Bg7 4.Nc3 d6 5.e4 O-O 6.Be2 e5 7.O-O Nc6
8.Be3 Ng4 9.Bg5 f6 10.Bh4 Kh8 11.h3 Nh6 12.dxe5 dxe5 13.c5 g5
14.Bg3 g4 15.hxg4 Bxg4 16.Qa4 Bxf3 17.Bxf3 Nd4 18.Bh5 Qe7 19.Nd5
Qxc5 20.Rac1 Qb5 21.Qxb5 Nxb5 22.Nxc7 Nxc7 23.Rxc7 f5 24.exf5
Nxf5 25.Bh2 Bf6 26.Rxb7 Rab8 27.Rxb8 Rxb8 28.b3 Rd8 29.Re1 Rd2
30.Bxe5 1-0

[Event "IX Memorial Marka Piasty"]
[Site "Salezjanski Osrodek Szkolno-Wychowawczy Tarnowskie Gory, ul. Sniadeckiego 1"]
[Date "2011.08.05"]
[Round "9.2"]
[White "Wlodarczyk, Oskar"]
[Black "Szopka, Dariusz"]
[Result "0-1"]
[WhiteTitle "FM"]
[BlackTitle "k+"]
[WhiteElo "2285"]
[BlackElo "2216"]

1.d4 Nf6 2.c4 g6 3.Nc3 Bg7 4.g3 O-O 5.Bg2 d6 6.Nf3 Nbd7 7.O-O
e5 8.dxe5 dxe5 9.Qb3 c6 10.Rd1 Qc7 11.h3 Nc5 12.Qa3 Ne6 13.Be3
Nd7 14.Rac1 c5 15.Ng5 Nd4 16.Nd5 Qd8 17.Bxd4 exd4 18.Ne4 b6 19.Nd6
a5 20.Nxc8 Rxc8 21.Qa4 Nf6 22.Rd3 Nxd5 23.Bxd5 Kh8 24.Kg2 Qc7
25.a3 f5 26.Bf3 f4 27.g4 Qd6 28.Qc2 Bf6 29.Rb3 Rfe8 30.Rb5 Be7
31.Qd2 Red8 32.Qd3 Qf6 33.Be4 Rb8 34.Qf3 Rf8 35.Rh1 Qh4 36.Rd1
Qf6 37.Rd3 Bd6 38.Rd1 Rf7 39.Bd3 Rbf8 40.Rh1 Qh4 41.Qc6 Qd8 42.Qd5
Qe7 43.b4 axb4 44.axb4 Qb7 45.Qxb7 Rxb7 46.bxc5 Bxc5 47.Rbb1
Ra7 48.Kf3 Kg7 49.h4 h6 50.Ra1 Rxa1 51.Rxa1 g5 52.h5 Kf6 53.Be4
Ke5 54.Ra7 Rd8 55.Rh7 Bf8 56.Rf7 Kd6 57.Rf6+ Kc5 58.Rc6+ Kb4
59.Bd3 Rb8 60.Ke4 Kc3 61.Kf5 f3 62.Re6 fxe2 63.Bxe2 d3 64.Re3
Rd8 65.Ke4 Re8+ 66.Kf3 Rxe3+ 0-1

[Event "IX Memorial Marka Piasty"]
[Site "Salezjanski Osrodek Szkolno-Wychowawczy Tarnowskie Gory, ul. Sniadeckiego 1"]
[Date "2011.08.05"]
[Round "9.3"]
[White "Grygierczyk, Wojciech"]
[Black "Sroczynski, Maciej"]
[Result "1/2-1/2"]
[WhiteTitle "I+"]
[BlackTitle "k"]
[WhiteElo "2040"]
[BlackElo "2268"]

1.Nf3 d5 2.g3 c5 3.Bg2 Nf6 4.O-O Nc6 5.d3 g6 6.Nbd2 Bg7 7.e4
O-O 8.c3 e5 9.Qe2 h6 10.Rd1 Be6 11.exd5 Nxd5 12.Nc4 Qc7 13.Re1
Rfe8 14.a4 Rad8 15.Be3 Nf4 16.Bxf4 exf4 17.Rad1 Re7 18.Qc2 Red7
19.Rxe6 fxe6 20.Bh3 Re7 21.d4 fxg3 22.hxg3 Rf8 23.Nh4 g5 24.Ng6
cxd4 25.Nxf8 Kxf8 26.Qe4 Nd8 27.Na3 Qc6 28.Qc2 e5 29.Bg2 Qd7
30.Nc4 Nc6 31.Ne3 Rf7 32.cxd4 exd4 33.Be4 Ne7 34.Qb3 b6 35.Nd5
Qe6 36.Re1 Nxd5 37.Qxd5 Qxd5 38.Bxd5 Rd7 39.Re2 Bf6 40.Kg2 g4
41.Be4 Bg5 42.Rc2 Re7 43.Bf5 h5 44.Bg6 Kg7 45.Bxh5 Re4 46.Rc7+
Kh6 47.Bf7 d3 48.Rd7 d2 49.Bb3 Re1 50.Bc2 Kh5 51.f4 gxf3+ 52.Kxf3
Rf1+ 53.Kg2 Rc1 54.Bb3 Kg6 55.Kf3 1/2-1/2

[Event "IX Memorial Marka Piasty"]
[Site "Salezjanski Osrodek Szkolno-Wychowawczy Tarnowskie Gory, ul. Sniadeckiego 1"]
[Date "2011.08.05"]
[Round "9.4"]
[White "Szusterowski, Przemyslaw"]
[Black "Malecki, Rafal"]
[Result "0-1"]
[WhiteTitle "I"]
[BlackTitle "k+"]
[WhiteElo "1916"]
[BlackElo "2156"]

1.d4 Nf6 2.c4 g6 3.Nc3 Bg7 4.e4 d6 5.Be2 O-O 6.Nf3 Bg4 7.O-O
Nfd7 8.Be3 Nc6 9.Qd2 Bxf3 10.Bxf3 e5 11.dxe5 dxe5 12.Bg5 Bf6
13.Bh6 Bg7 14.Bg5 f6 15.Be3 Nb6 16.Qe2 Nd4 17.Bxd4 Qxd4 18.Nb5
Qc5 19.b3 a6 20.Nc3 c6 21.Rad1 Rad8 22.Rxd8 Rxd8 23.Rd1 Rd4 24.Qc2
Qd6 25.Rxd4 exd4 26.Qd3 Nd7 27.Bd1 Nc5 28.Qd2 Bh6 29.Qxh6 dxc3
30.Qc1 Nxe4 31.Bf3 Qd2 32.Qd1 c2 0-1

[Event "IX Memorial Marka Piasty"]
[Site "Salezjanski Osrodek Szkolno-Wychowawczy Tarnowskie Gory, ul. Sniadeckiego 1"]
[Date "2011.08.05"]
[Round "9.5"]
[White "Andrae, Dirk"]
[Black "Banasik, Henryk"]
[Result "0-1"]
[WhiteTitle "II+"]
[BlackTitle "k"]
[WhiteElo "2081"]
[BlackElo "2118"]

1.e4 e5 2.Nf3 d5 3.Nxe5 dxe4 4.d4 Nd7 5.Nxd7 Bxd7 6.Bc4 Nf6 7.O-O
Bd6 8.f4 c5 9.d5 a6 10.a4 h5 11.Nc3 Qc7 12.h3 Bf5 13.Be3 h4 14.Rf2
Nh5 15.Kf1 g6 16.Qd2 b6 17.Ke2 O-O 18.Kd1 Ng3 19.Ne2 Nh5 20.Rf1
{=} Rfd8 21.Kc1 b5 22.Ba2 b4 23.Bc4 Be7 24.Rd1 Qd6 25.Qe1 Re8
26.Qf2 Rac8 27.Kb1 Bd7 28.Nc1 Ng7 29.Nb3 Nf5 30.Re1 Nxe3 31.Qxe3
Bf6 32.Rf1 Bg7 33.Ra2 Bf5 34.Qe2 Ra8 35.Qe3 Rec8 36.Kc1 a5 37.Qf2
Bf6 38.Ra1 Qb6 39.Kb1 Qd6 40.Re1 {=} Ra7 41.Ka2 Re7 42.Re2 Bd7
43.Kb1 Qb6 44.Nd2 e3 45.Rxe3 Bd4 46.Rxe7 Bxf2 47.Rxd7 Rd8 48.Rxd8+
Qxd8 49.Ka2 Qe8 50.Bb3 Bg3 51.Nc4 Bxf4 52.d6 Qe2 53.d7 Bc7 54.Nd6
{=} Qxg2 55.Nxf7 Kg7 56.d8Q Bxd8 57.Nxd8 Qxh3 58.Ne6+ Kh6 59.Rg1
Qe3 60.Rg4 Kh5 61.Rg5+ Kh6 62.Rg4 Kh5 63.Rg5+ Qxg5 64.Nxg5 Kxg5
65.Kb1 Kf4 66.Kc1 Ke3 67.Kd1 Kf2 68.Be6 g5 69.Bd7 c4 70.c3 bxc3
71.bxc3 Ke3 72.Kc2 Kf3 73.Kd2 g4 74.Ke1 g3 75.Kf1 g2+ 76.Kg1
Ke3 77.Kxg2 Kd3 78.Kh3 Kxc3 79.Kxh4 Kb4 80.Kg3 c3 81.Bf5 Kxa4
82.Kf2 Kb3 83.Ke2 Kb2 84.Kd1 a4 85.Bc2 0-1

[Event "IX Memorial Marka Piasty"]
[Site "Salezjanski Osrodek Szkolno-Wychowawczy Tarnowskie Gory, ul. Sniadeckiego 1"]
[Date "2011.08.05"]
[Round "9.6"]
[White "Sroka, Janusz"]
[Black "Graczyk, Damian"]
[Result "0-1"]
[WhiteTitle "k"]
[BlackTitle "I"]
[WhiteElo "2088"]
[BlackElo "1991"]

1.e4 c5 2.Nc3 Nc6 3.g3 g6 4.Bg2 Bg7 5.d3 d6 6.f4 e6 7.Nf3 Nge7
8.O-O O-O 9.Be3 Nd4 10.e5 Nef5 11.Bf2 Nxf3+ 12.Qxf3 Nd4 13.Qd1
d5 14.Na4 b6 15.b4 Bd7 16.bxc5 Bxa4 17.Bxd4 Qc7 18.cxb6 axb6
19.Rf2 Rfc8 20.g4 Bxc2 21.Qf3 Ra4 22.Qe3 Bf8 23.Bxb6 Qc3 24.Rc1
Qb2 25.Bf3 Ba3 26.Rff1 Qb4 27.Rxc2 Rxc2 28.Bd1 Bc1 29.Qd4 Qd2
30.Qf2 Rxf4 31.Bxc2 Rxf2 32.Rxf2 Qb4 33.Ba7 Qxg4+ 34.Kf1 d4 0-1

[Event "IX Memorial Marka Piasty"]
[Site "Salezjanski Osrodek Szkolno-Wychowawczy Tarnowskie Gory, ul. Sniadeckiego 1"]
[Date "2011.08.05"]
[Round "9.7"]
[White "Bes, Michal"]
[Black "Przybylka, Damian"]
[Result "1-0"]
[WhiteTitle "I"]
[BlackTitle "I++"]
[WhiteElo "1906"]
[BlackElo "2030"]

1.e4 e6 2.d4 d5 3.Nc3 Nf6 4.Bg5 Bb4 5.e5 h6 6.Be3 Nfd7 7.Qg4
Bf8 8.Nf3 c5 9.dxc5 Nc6 10.Bb5 Qc7 11.O-O-O a6 12.Ba4 Nxc5 13.Bxc5
Bxc5 14.Qxg7 Rf8 15.Qxh6 b5 16.Bb3 Bxf2 17.Bxd5 Bd7 18.Ne4 1-0

[Event "IX Memorial Marka Piasty"]
[Site "Salezjanski Osrodek Szkolno-Wychowawczy Tarnowskie Gory, ul. Sniadeckiego 1"]
[Date "2011.08.05"]
[Round "9.8"]
[White "Czernicki, Bogdan"]
[Black "Kastelik, Adrian"]
[Result "0-1"]
[WhiteTitle "k"]
[BlackTitle "I+"]
[WhiteElo "1916"]
[BlackElo "2024"]

1.e4 e5 2.c4 Nf6 3.d3 c6 4.Nc3 d5 5.Qe2 dxc4 6.dxc4 Na6 7.Nf3
Bg4 8.a3 Nc5 9.Qc2 Bxf3 10.gxf3 Ne6 11.Be3 Qa5 12.Rd1 Be7 13.Rg1
O-O 14.Qc1 Rfd8 15.Be2 Rxd1+ 16.Bxd1 Nh5 17.b4 Qc7 18.Ne2 a5
19.Qb2 axb4 20.axb4 g6 21.c5 Bf6 22.Bb3 Qe7 23.Kf1 Nhf4 24.Rg3
Qd7 25.Nc1 Nd4 26.Bxf4 exf4 27.Rg4 {=} Nxf3 28.Qxf6 Nd2+ 29.Ke1
Nxb3 30.Rxg6+ hxg6 31.Nxb3 Qd3 32.Nd2 f3 33.Nxf3 Rd8 0-1

[Event "IX Memorial Marka Piasty"]
[Site "Salezjanski Osrodek Szkolno-Wychowawczy Tarnowskie Gory, ul. Sniadeckiego 1"]
[Date "2011.08.05"]
[Round "9.9"]
[White "Malinowski, Damian"]
[Black "Janiszewski, Maciej"]
[Result "1-0"]
[WhiteTitle "I"]
[BlackTitle "I++"]
[WhiteElo "1900"]
[BlackElo "2009"]

1.c4 d5 2.cxd5 Nf6 3.Nc3 Nxd5 4.Nf3 g6 5.g3 Bg7 6.Bg2 O-O 7.O-O
c6 8.d4 Nd7 9.Nxd5 cxd5 10.Qb3 e6 11.Bf4 Qb6 12.Qxb6 Nxb6 13.Rac1
Bd7 14.Rc2 Rac8 15.Rfc1 Rxc2 16.Rxc2 Rc8 17.Rxc8+ Nxc8 18.e3
f6 19.g4 g5 20.Bc7 Kf7 21.Bf1 Ke7 22.Bd3 h6 23.Kf1 Nd6 24.h3
Bc6 25.Nd2 Kd7 26.Bb8 b6 27.Bxd6 Kxd6 28.Ke2 e5 29.Nf1 e4 30.Bc2
Bf8 31.Ng3 Ke6 32.Bb3 Bb5+ 33.Ke1 Bd3 34.a3 Bd6 35.Nf5 Bf8 36.Ng3
b5 37.Kd1 Bd6 38.Ne2 a5 39.Nc3 Bc4 40.Bxc4 bxc4 41.Ke2 Bf8 42.f3
exf3+ 43.Kxf3 Bd6 44.e4 dxe4+ 45.Kxe4 Bf4 46.d5+ Kd6 47.Kd4 Bc1
48.Na4 c3 49.bxc3 Bxa3 50.c4 Bc1 51.c5+ Kd7 52.Ke4 Bf4 53.Kf5
Be5 54.Nb6+ Kc7 55.Ke6 Bd4 56.d6+ Kc6 57.d7 Kc7 58.Nd5+ Kd8 59.c6
Be5 60.c7+ 1-0

[Event "IX Memorial Marka Piasty"]
[Site "Salezjanski Osrodek Szkolno-Wychowawczy Tarnowskie Gory, ul. Sniadeckiego 1"]
[Date "2011.08.05"]
[Round "9.10"]
[White "Breuer, Falk"]
[Black "Solek, Zenon"]
[Result "0-1"]
[WhiteTitle ""]
[BlackTitle "k"]
[WhiteElo "1992"]
[BlackElo "1883"]

1.e4 c5 2.Nf3 e6 3.d3 Nc6 4.g3 g6 5.Bg2 Bg7 6.O-O Nge7 7.Re1
O-O 8.h4 d6 9.a4 Rb8 10.Nbd2 a6 11.c3 b5 12.axb5 axb5 13.Nf1
b4 14.d4 Qb6 15.Be3 Rd8 16.Qd2 Na5 17.Qd1 Nec6 18.Qa4 Nc4 19.Qc2
Nxe3 20.fxe3 Ba6 21.Kh2 Rbc8 22.Qf2 h6 23.e5 dxe5 24.dxc5 Qxc5
25.Rxa6 bxc3 26.bxc3 Qxc3 27.N3d2 Nb4 28.Ra7 Rc7 29.Rxc7 Qxc7
30.Ra1 Nd3 31.Qf3 e4 32.Qxe4 Bxa1 0-1

[Event "IX Memorial Marka Piasty"]
[Site "Salezjanski Osrodek Szkolno-Wychowawczy Tarnowskie Gory, ul. Sniadeckiego 1"]
[Date "2011.08.05"]
[Round "9.11"]
[White "Kielar, Maciej"]
[Black "Marek, Eugeniusz"]
[Result "1-0"]
[WhiteTitle "k"]
[BlackTitle "I"]
[WhiteElo "2138"]
[BlackElo "1870"]

1.e4 e6 2.d4 d5 3.f3 dxe4 4.fxe4 e5 5.Nf3 exd4 6.Bc4 f6 7.O-O
Bg4 8.e5 Nd7 9.exf6 Ndxf6 10.Bg5 d3 11.Kh1 Bxf3 12.Qxf3 Qd4 13.Bxd3
O-O-O 14.Nc3 h6 15.Be3 Qb4 16.Bxa7 b6 17.Qc6 1-0

[Event "IX Memorial Marka Piasty"]
[Site "Salezjanski Osrodek Szkolno-Wychowawczy Tarnowskie Gory, ul. Sniadeckiego 1"]
[Date "2011.08.05"]
[Round "9.12"]
[White "Gromada, Andrzej"]
[Black "Rogalski, Krzysztof"]
[Result "1-0"]
[WhiteTitle "I"]
[BlackTitle "I"]
[WhiteElo "1964"]
[BlackElo "1846"]

1.d4 Nf6 2.c4 e6 3.Nf3 c5 4.d5 b5 5.Bg5 bxc4 6.Nc3 d6 7.Bxf6
Qxf6 8.e4 Be7 9.Bxc4 O-O 10.O-O Ba6 11.Bxa6 Nxa6 12.Qe2 Nc7 13.Rad1
Rab8 14.e5 Qf5 15.g3 Qh5 16.exd6 Bxd6 17.dxe6 fxe6 18.Nh4 Qe5
19.Qc2 Be7 20.Rfe1 Qh5 21.Ng2 Bf6 22.Rd7 Nb5 23.Nf4 Qe8 24.Qd3
Nd4 25.Rxa7 Qc6 26.Ne4 Rxb2 27.Nh5 Be5 28.f4 Bb8 29.Rxg7+ Kh8
30.Rxh7+ Kg8 31.Nef6+ Rxf6 32.Nxf6+ Kf8 33.Rh8+ Ke7 34.Qh7+ 1-0

[Event "IX Memorial Marka Piasty"]
[Site "Salezjanski Osrodek Szkolno-Wychowawczy Tarnowskie Gory, ul. Sniadeckiego 1"]
[Date "2011.08.05"]
[Round "9.13"]
[White "Kliber, Aleksander"]
[Black "Tchorzewski, Kazimierz"]
[Result "0-1"]
[WhiteTitle "I"]
[BlackTitle "I"]
[WhiteElo "1961"]
[BlackElo "1828"]

1.d4 Nf6 2.Nf3 g6 3.c4 c5 4.Nc3 cxd4 5.Nxd4 Bg7 6.e4 O-O 7.Be2
Nc6 8.Nc2 d6 9.O-O b6 10.Be3 Bb7 11.Qd2 Rc8 12.f3 Na5 13.b3 e6
14.Bg5 Qd7 15.Rad1 d5 16.Bxf6 Bxf6 17.exd5 exd5 18.Nxd5 Bxd5
19.Qxd5 Qe7 20.Bd3 Rcd8 21.Qb5 Nb7 22.Rfe1 Qc7 23.Nb4 Bc3 24.Nd5
Rxd5 25.Qxd5 Bxe1 26.Rxe1 0-1

[Event "IX Memorial Marka Piasty"]
[Site "Salezjanski Osrodek Szkolno-Wychowawczy Tarnowskie Gory, ul. Sniadeckiego 1"]
[Date "2011.08.05"]
[Round "9.16"]
[White "Graczyk, Konrad"]
[Black "Klama, Andrzej"]
[Result "1/2-1/2"]
[WhiteTitle "II"]
[BlackTitle "II"]
[WhiteElo "1907"]
[BlackElo "1606"]

1.d4 e6 2.c4 b6 3.Nc3 Bb7 4.Nf3 g6 5.e4 Bb4 6.Bd3 Bxc3+ 7.bxc3
d6 8.h4 h6 9.Be3 c5 10.Nd2 Nd7 11.f4 Qe7 12.h5 O-O-O 13.a4 a5
14.Rb1 Kc7 15.Qb3 Rb8 16.Kd1 Ngf6 17.hxg6 fxg6 18.Kc2 Ng4 19.Bg1
g5 20.g3 h5 21.Be2 gxf4 22.gxf4 Rbf8 23.Bxg4 hxg4 24.Rxh8 Rxh8
25.d5 Qf6 26.Rf1 g3 27.Qb1 Ba6 28.Rf3 Rg8 29.Qe1 g2 30.Kb3 e5
31.Qf2 exf4 32.Rxf4 Qg6 33.Rf7 Bc8 34.Qf4 Qg5 35.Qxg5 Rxg5 36.Nf3
Rg4 37.e5 dxe5 38.Nxe5 Rg8 39.Kc2 Kd8 40.Nc6+ Ke8 41.Re7+ Kf8
42.Re6 Kf7 43.Kd2 Rg4 44.Kd3 Rg3+ 45.Kd2 Nf8 46.Ne5+ Kg7 47.Rxb6
Ng6 48.Nxg6 Rxg6 49.Rb1 Rg4 50.Bxc5 Rxc4 51.Bd4+ Kf7 52.Ra1 Bb7
53.Bb6 Bxd5 54.Kd3 Rg4 55.Bg1 1/2-1/2

[Event "IX Memorial Marka Piasty"]
[Site "Salezjanski Osrodek Szkolno-Wychowawczy Tarnowskie Gory, ul. Sniadeckiego 1"]
[Date "2011.08.05"]
[Round "9.17"]
[White "Olszewski, Jerzy"]
[Black "Jablonski, Lechoslaw"]
[Result "1-0"]
[WhiteTitle "I"]
[BlackTitle "II"]
[WhiteElo "1885"]
[BlackElo "1663"]

1.e4 c5 2.g3 d6 3.Bg2 Nc6 4.Ne2 g6 5.O-O Bg7 6.d3 e6 7.c4 Nge7
8.Nbc3 a6 9.Be3 O-O 10.Qd2 Rb8 11.Bh6 Nd4 12.Nxd4 cxd4 13.Bxg7
Kxg7 14.Ne2 Nc6 15.f4 e5 16.Rf2 f5 17.Raf1 Qc7 18.fxe5 dxe5 19.b3
Be6 20.Kh1 b5 21.Ng1 bxc4 22.bxc4 Ne7 23.Qe2 Rb6 24.Rd1 Rfb8
25.Rd2 Rb4 26.h4 a5 27.Nf3 a4 28.Rf1 a3 29.Re1 Rb1 30.Rxb1 Rxb1+
31.Kh2 Qb8 32.exf5 Nxf5 33.Nxe5 Rb2 34.Nf3 Qxg3+ 35.Kg1 Rb1+
36.Rd1 Rxd1+ 37.Qxd1 Nxh4 38.Nxh4 Qxh4 39.Qe2 Qf6 40.Be4 Qg5+
41.Bg2 Qc1+ 42.Kh2 Qf4+ 43.Kg1 h5 44.Qxe6 Qc1+ 45.Kh2 Qf4+ 46.Kh3
g5 47.Qe4 Qe3+ 48.Qxe3 dxe3 49.Kg3 g4 50.Bf1 Kf6 51.Kf4 Ke6 52.d4
Kf6 53.d5 1-0

[Event "IX Memorial Marka Piasty"]
[Site "Salezjanski Osrodek Szkolno-Wychowawczy Tarnowskie Gory, ul. Sniadeckiego 1"]
[Date "2011.08.05"]
[Round "9.18"]
[White "Klementys, Jerzy"]
[Black "Michalski, Edmund"]
[Result "0-1"]
[WhiteTitle "I"]
[BlackTitle "I"]
[WhiteElo "1802"]
[BlackElo "1882"]

1.d4 Nf6 2.c4 e6 3.Nc3 d5 4.Bg5 Be7 5.e3 c6 6.Nf3 O-O 7.Rc1 Nbd7
8.Bd3 b6 9.cxd5 exd5 10.O-O Bb7 11.Bb1 h6 12.Bh4 Qe8 13.Re1 Ne4
14.Bxe7 Qxe7 15.Nxe4 dxe4 16.Nd2 Nf6 17.f3 exf3 18.Nxf3 Rac8
19.e4 Nd7 20.Rc3 Rfd8 21.Qc2 Nf8 22.a3 Qd6 23.b4 a6 24.Rc1 Qd7
25.h3 Qd6 26.Kh1 Qd7 27.Rc4 b5 28.Rc3 Qd6 29.Rf1 Rd7 30.Ne5 Rdc7
31.Qf2 f6 32.Ba2+ Ne6 33.Ng4 Kh8 34.Nxh6 Ng5 35.Qh4 gxh6 36.Qxh6+
Rh7 37.Qxf6+ Qxf6 38.Rxf6 Nxe4 0-1

[Event "IX Memorial Marka Piasty"]
[Site "Salezjanski Osrodek Szkolno-Wychowawczy Tarnowskie Gory, ul. Sniadeckiego 1"]
[Date "2011.08.05"]
[Round "9.19"]
[White "Dixa, Stanislaw"]
[Black "Pietrucha, Jaroslaw"]
[Result "0-1"]
[WhiteTitle "II"]
[BlackTitle "II+"]
[WhiteElo "1679"]
[BlackElo "1843"]

1.e4 e5 2.Nf3 d6 3.d4 exd4 4.Nxd4 Nf6 5.Nc3 Be7 6.Be2 Bd7 7.O-O
O-O 8.f4 Nc6 9.Bf3 Nxd4 10.Qxd4 Bc6 11.Be3 Nd7 12.b4 Re8 13.Qd2
Bf6 14.Bd4 Bxd4+ 15.Qxd4 Qf6 16.Qxf6 Nxf6 17.Nd5 Bxd5 18.exd5
Re3 19.Rfe1 Rae8 20.Kf2 Rc3 21.Rxe8+ Nxe8 22.Be4 Nf6 23.Re1 Nxe4+
24.Rxe4 Rxc2+ 25.Kf3 Kf8 26.a4 c6 27.Rd4 Ke7 28.h4 Kd7 29.g4
Rb2 30.f5 cxd5 31.b5 b6 32.g5 g6 33.Kg4 Rc2 34.f6 Rc4 35.Rf4
Ke6 36.Kf3 Ke5 37.Rxc4 dxc4 38.Ke3 d5 0-1

[Event "IX Memorial Marka Piasty"]
[Site "Salezjanski Osrodek Szkolno-Wychowawczy Tarnowskie Gory, ul. Sniadeckiego 1"]
[Date "2011.08.05"]
[Round "9.21"]
[White "Santura, Janusz"]
[Black "Graczyk, Natalia"]
[Result "1/2-1/2"]
[WhiteTitle "I"]
[BlackTitle "I"]
[WhiteElo "1856"]
[BlackElo "1672"]

1.d4 f5 2.g3 e6 3.Bg2 Nf6 4.Nf3 d5 5.O-O Be7 6.c4 c6 7.b3 O-O
8.Ba3 Nbd7 9.Bxe7 Qxe7 10.Nbd2 Ne4 11.Re1 Qf6 12.e3 g5 13.Qc2
g4 14.Nh4 h5 15.Rad1 Rf7 16.Rf1 Qh6 17.Nxe4 fxe4 18.Bh1 Nf8 19.Ng2
Nh7 20.Nf4 Ng5 21.Bg2 h4 22.Qe2 Nf3+ 23.Bxf3 gxf3 24.Qd2 Bd7
25.Qb4 Raf8 26.Qd6 Rh7 27.Rd2 Qf6 28.Rc1 Rd8 29.Qb4 Bc8 30.Qc5
a6 31.Qb6 Rf8 32.Rdc2 Qf5 33.Qb4 Qg4 34.Qe1 Qf5 35.Qa5 Bd7 36.Qb4
Bc8 37.Qa5 Bd7 38.Qb4 Bc8 1/2-1/2

[Event "IX Memorial Marka Piasty"]
[Site "Salezjanski Osrodek Szkolno-Wychowawczy Tarnowskie Gory, ul. Sniadeckiego 1"]
[Date "2011.08.05"]
[Round "9.23"]
[White "Brozyna, Damian"]
[Black "Bogacki, Henryk"]
[Result "1/2-1/2"]
[WhiteTitle "II"]
[BlackTitle "II"]
[WhiteElo "1924"]
[BlackElo "1589"]

1.d4 Nf6 2.Nf3 d5 3.g3 c6 4.Bg2 g6 5.b3 Bg7 6.Bb2 O-O 7.Nbd2
Nbd7 8.c4 e6 9.O-O Re8 10.Qc2 b5 11.cxb5 cxb5 12.Rac1 Bb7 13.Qc7
Rb8 14.Ba3 Bf8 15.Bxf8 Rxf8 16.Rc2 Rc8 17.Qxd8 Rfxd8 18.Rfc1
Rxc2 19.Rxc2 Ne8 20.Ne1 Rc8 21.Rxc8 Bxc8 22.Nd3 Bb7 23.Kf1 Nd6
24.Nc5 Bc6 25.Ke1 Nb6 26.Kd1 a5 27.e3 Nb7 28.Nd3 f6 29.Bf1 Kf7
30.Kc2 Ke7 31.f3 Kd6 32.h4 Nd7 33.Nb1 e5 34.Nf2 Nd8 35.Bd3 exd4
36.exd4 Ne6 37.Kd2 Nxd4 38.Ke3 Ne6 39.Bc2 Ndc5 40.Ng4 d4+ 41.Ke2
f5 42.Nh2 b4 43.Nd2 Bb5+ 44.Nc4+ Bxc4+ 45.bxc4 a4 46.g4 Ke5 47.h5
Nf4+ 48.Kd2 d3 49.hxg6 hxg6 50.Bd1 Kd4 51.gxf5 gxf5 52.Nf1 b3
53.axb3 axb3 54.Ne3 Ke5 55.Kc3 Ne2+ 56.Kb2 Nd4 57.Nf1 Kf4 58.Kc3
Ne2+ 59.Kb4 b2 60.Nd2 Ke3 61.Nb1 Kd4 62.Bb3 Nxb3 63.Kxb3 Ke3
64.Kxb2 d2 65.Kc2 Nd4+ 66.Kd1 Nxf3 67.c5 Ng5 68.c6 Ne6 69.Nxd2
f4 1/2-1/2

[Event "IX Memorial Marka Piasty"]
[Site "Salezjanski Osrodek Szkolno-Wychowawczy Tarnowskie Gory, ul. Sniadeckiego 1"]
[Date "2011.08.05"]
[Round "9.24"]
[White "Korzonek, Marek"]
[Black "Sikora, Szymon"]
[Result "0-1"]
[WhiteTitle "II"]
[BlackTitle "II"]
[WhiteElo "1790"]
[BlackElo "1406"]

1.d4 c5 2.c3 Nf6 3.Nf3 e6 4.g3 Nc6 5.Bg2 cxd4 6.Nxd4 e5 7.Nb3
g6 8.O-O Bg7 9.N1d2 O-O 10.Ne4 Nxe4 11.Bxe4 d6 12.Bd5 Kh8 13.e4
Bh3 14.Re1 f5 15.Bc4 fxe4 16.Rxe4 Qf6 17.Qe1 Qf3 18.Bf1 Bxf1
19.Qxf1 Qxe4 20.Nd2 Qf5 21.Qe1 d5 22.Nb3 b6 23.Bd2 d4 24.cxd4
Nxd4 25.Nxd4 exd4 26.f4 d3 27.Bc3 Qc5+ 28.Kg2 Bxc3 29.bxc3 Rfe8
30.Qg1 Re2+ 31.Kf1 Qxg1+ 32.Kxg1 Rae8 33.Rf1 d2 0-1

[Event "IX Memorial Marka Piasty"]
[Site "Salezjanski Osrodek Szkolno-Wychowawczy Tarnowskie Gory, ul. Sniadeckiego 1"]
[Date "2011.08.05"]
[Round "9.27"]
[White "Rembecki, Robert"]
[Black "Grzesiek, Wiktoria"]
[Result "1-0"]
[WhiteTitle "III"]
[BlackTitle "II"]
[WhiteElo "1554"]
[BlackElo "1424"]

1.c4 g6 2.g3 Bg7 3.Bg2 d6 4.Nc3 e5 5.Nf3 Nc6 6.d3 h6 7.O-O Nge7
8.Rb1 a5 9.a3 O-O 10.h3 f5 11.e4 Kh8 12.Be3 f4 13.Bd2 g5 14.g4
Qe8 15.Nb5 Qd8 16.Bc3 Be6 17.Qe2 Qc8 18.Ne1 h5 19.f3 hxg4 20.hxg4
Ng6 21.Kf2 Kg8 22.Rh1 Nd4 23.Bxd4 exd4 24.Nc2 Kf7 25.Ncxd4 Bxd4+
26.Nxd4 Nh4 27.Ke1 Rh8 28.Kd2 Nxg2 29.Qxg2 Bd7 30.b3 c5 31.Nf5
Bxf5 32.gxf5 Rxh1 33.Rxh1 Qg8 34.Rh5 Kf6 35.Rh6+ Ke5 36.Re6+
Kd4 37.Qf2# 1-0

[Event "IX Memorial Marka Piasty"]
[Site "Salezjanski Osrodek Szkolno-Wychowawczy Tarnowskie Gory, ul. Sniadeckiego 1"]
[Date "2011.08.05"]
[Round "9.28"]
[White "Domanski, Lukasz"]
[Black "Globisz, Artur"]
[Result "0-1"]
[WhiteTitle "III"]
[BlackTitle "III"]
[WhiteElo "1436"]
[BlackElo "1513"]

1.e4 e5 2.Nf3 Nc6 3.d4 exd4 4.Nxd4 d6 5.Bb5 Bd7 6.O-O Be7 7.Nc3
Nf6 8.Be3 O-O 9.Be2 Nxd4 10.Bxd4 Be6 11.f4 c5 12.Be3 d5 13.e5
Ne8 14.f5 Bxf5 15.Nxd5 Bg6 16.Nxe7+ Qxe7 17.e6 fxe6 18.Bc4 Rxf1+
19.Qxf1 Bxc2 20.Qf2 Bf5 21.Rf1 Rc8 22.Qxf5 Nc7 23.Bxc5 Qe8 24.Qg5
Qc6 25.Bb3 b6 26.Bd4 Qd7 27.Bc3 Nd5 28.Bxd5 exd5 29.Qf5 Qxf5
30.Rxf5 Rd8 31.Bd4 g6 32.Rf1 Rc8 33.Be3 Re8 34.Bd2 d4 35.Re1
Rc8 36.Rc1 Re8 37.Kf2 Kf7 38.Rc7+ Re7 39.Rxe7+ Kxe7 40.Kf3 Kd6
41.Ke4 Kc5 42.b3 a5 43.a4 h6 44.Bxh6 Kb4 45.Kxd4 Kxb3 46.Bd2
Kxa4 47.Kc4 ( 47.Kc3 ) b5+ 48.Kc3 Ka3 49.Bc1+ Ka2 50.Kc2 b4 51.Kd3
Kb3 52.Kd2 a4 53.g3 a3 54.Bxa3 bxa3 0-1